<?xml version="1.0" encoding="UTF-8"?>
<marc:record xmlns:marc="http://www.loc.gov/MARC21/slim">
   <marc:leader>00000nam a2200000 a 4500</marc:leader>
   <marc:datafield ind1="1" ind2=" " tag="100">
      <marc:subfield code="a">Scholl, Sabine</marc:subfield>
      <marc:subfield code="4">aut</marc:subfield>
      <marc:subfield code="e">Verfasser/-in</marc:subfield>
   </marc:datafield>
   <marc:datafield ind1=" " ind2=" " tag="653">
      <marc:subfield code="a">Herkunft</marc:subfield>
   </marc:datafield>
   <marc:datafield ind1=" " ind2=" " tag="653">
      <marc:subfield code="a">Mutter</marc:subfield>
   </marc:datafield>
   <marc:datafield ind1=" " ind2=" " tag="653">
      <marc:subfield code="a">Armut</marc:subfield>
   </marc:datafield>
   <marc:datafield ind1=" " ind2=" " tag="653">
      <marc:subfield code="a">Erzählende Literatur: Gegenwartsliteratur ab 1945</marc:subfield>
   </marc:datafield>
   <marc:datafield ind1=" " ind2=" " tag="653">
      <marc:subfield code="a">Frauen</marc:subfield>
   </marc:datafield>
   <marc:datafield ind1=" " ind2=" " tag="653">
      <marc:subfield code="a">Kleidung</marc:subfield>
   </marc:datafield>
   <marc:datafield ind1="0" ind2="0" tag="245">
      <marc:subfield code="a">Die zweite Haut</marc:subfield>
   </marc:datafield>
   <marc:datafield ind1=" " ind2="1" tag="264">
      <marc:subfield code="a">Berlin</marc:subfield>
      <marc:subfield code="b">Weissbooks</marc:subfield>
      <marc:subfield code="c">2025</marc:subfield>
   </marc:datafield>
   <marc:datafield ind1=" " ind2=" " tag="250">
      <marc:subfield code="a">1. Auflage</marc:subfield>
   </marc:datafield>
   <marc:datafield ind1="1" ind2=" " tag="520">
      <marc:subfield code="a">»Über Stoffe berührten Mutters Hände mich. Ansonsten keine Umarmungen, keine Liebkosungen, sondern nur Zuschneiden, Anheften, Saumabstecken, wobei ihr Körper dem meinen nahekam.«##Stoffe, Fäden, Nähen bildeten für eine ganze Generation ein wesentliches Element des Aufwachsens. So auch für die Erzählerin und ihre Brüder, die in prekären Verhältnissen in einem kleinen Dorf in Oberösterreich von ihrer Mutter geradezu eingenäht wurden. Anhand einzelner Kleidungsstücke wird ein ganzes Leben nachgezeichnet, Armut und Ausgrenzung, Scham, aber auch ein Ringen um Emanzipation der Erzählerin als Studentin, Schriftstellerin und Mutter. Sabine Scholl hat einen literarischen Zugriff auf die tiefen Wunden des Lebens gefunden, auf die Scham der Armut, auf den Mangel an mütterlicher Liebe, auf die Prägung der Herkunft, die einen ein Leben lang begleitet.##»Die zweite Haut« rührt einen tief an und erinnert an die Werke von Annie Ernaux.</marc:subfield>
   </marc:datafield>
   <marc:datafield ind1=" " ind2=" " tag="020">
      <marc:subfield code="a">9783863372316</marc:subfield>
      <marc:subfield code="9">9783863372316</marc:subfield>
   </marc:datafield>
   <marc:datafield ind1=" " ind2=" " tag="041">
      <marc:subfield code="a">ger</marc:subfield>
   </marc:datafield>
   <marc:datafield ind1=" " ind2=" " tag="300">
      <marc:subfield code="a">224 Seiten</marc:subfield>
   </marc:datafield>
</marc:record>
